MARC

LEADER 00000nam0a2200000 4500
001 42125
005 20231031015058.0
010 |a 594227066X 
035 |a (RuTPU)RU\TPU\book\43310 
090 |a 42125 
100 |a 20020802d2001 m y0rusy50 ca 
101 0 |a rus 
102 |a RU 
105 |a a j 001zy 
200 1 |a Экология  |e учебное пособие  |f А. А. Горелов 
210 |a Москва  |c Юрайт  |d 2001 
215 |a 312 с.  |c ил. 
300 |a На обл. авт. не указан 
320 |a Библиогр.: с. 312. 
451 1 |0 (RuTPU)RU\TPU\book\60750  |y 5-88860-040-7  |t Экология  |o учебное пособие  |f А. А. Горелов  |c М.  |n Центр  |d 2002  |p 240 с.  |a Горелов, Анатолий Алексеевич 
451 1 |0 (RuTPU)RU\TPU\book\56554  |y 5-88860-040-7  |t Экология  |o учебное пособие  |f А. А. Горелов  |c М.  |n Центр  |d 2000  |p 240 с.  |s Alma mater  |a Горелов, Анатолий Алексеевич 
610 1 |a экология 
610 1 |a экосистемы 
610 1 |a законы 
610 1 |a структура 
610 1 |a биосфера 
610 1 |a ноосфера 
610 1 |a эволюция 
610 1 |a равновесие 
610 1 |a экологические кризисы 
610 1 |a социальная экология 
610 1 |a культура 
610 1 |a Россия 
610 1 |a учение Вернадского 
610 1 |a классово-экономические проблемы 
610 1 |a учебные пособия 
675 |a 504(075.8)  |v 3 
675 |a 574(075.8)  |v 3 
700 1 |a Горелов  |b А. А.  |g Анатолий Алексеевч 
801 1 |a RU  |b 63413507  |c 20020802  |g PSBO 
801 2 |a RU  |b 63413507  |c 20120207  |g PSBO 
942 |c BK